All 2021 NFL league leaders - Statistics

General Stats
  • This quiz has been taken 21 times
  • The average score is 6 of 9
Answer Stats
Stat Player % Correct
Passing yards Tom Brady
100%
Passing TDs Tom Brady
100%
Sacks T.J. Watt
84%
Receiving yards Cooper Kupp
74%
Receiving TDs Cooper Kupp
74%
Rushing Yards Jonathan Taylor
68%
Rushing TDs Jonathan Taylor
68%
Interceptions Trevon Diggs
68%
Tackles Foyesade Oluokun
11%
No matching quizzes found
Score Distribution
Percent of People with Each Score
Percentile by Number Answered
Your Score History
You have not taken this quiz